000 01413cam a2200385 i 4500
999 _c62507
_d62507
001 21067010
005 20241120104453.0
008 190710s2019 enka 000 0 eng d
010 _a 2019301179
015 _aGBB918904
_2bnb
016 7 _a019226632
_2Uk
020 _a9780198427179 X
_q(pbk)
020 _a0198427174
_q(pbk)
035 _a(OCoLC)on1099411619
040 _aATMET
_beng
_cATMET
_erda
_dDLC
042 _alccopycat
050 0 0 _aQA39.2
_b.R6537 2019
245 1 0 _aMathematics :
_banalysis and approaches.
_nHigher level /
_cNatasha Awada ...
264 1 _aOxford :
_bOxford University Press,
_c[2019]
300 _ax, 843 pages :
_bcolor illustrations ;
_c26 cm.
336 _atext
_2rdacontent
336 _astill image
_2rdacontent
337 _aunmediated
_2rdamedia
338 _avolume
_2rdacarrier
490 0 _aOxford IB diploma programme
500 _aIncludes Internet access.
500 _a"Course Companion"--T.p
650 7 _aMathematics.
_2fast
_0(OCoLC)fst01012163
_923747
653 _aმათემატიკა
653 _aBaccalauréat international International baccalaureate Mathematics Mathématiques applied mathematics mathematics
700 _a Awada, Natasha
_eand others
_923748
906 _a7
_bcbc
_ccopycat
_d2
_encip
_f20
_gy-gencatlg
942 _2udc
_cBK
955 _brl02 2019-07-10 z-processor
_arl02 2019-10-01 to SMA
_irl54 2023-02-15 to Dewey